Know your Asean.

Bibliographic Details
Corporate Author: Institute of Southeast Asian Studies
Format: Book
Published: Singapore: ISEAS Publication, 2010.
Edition:Second Edition.
Subjects:
LEADER 00617cam a2200205 7i4500
001 0000014428
005 20151104090000.0
005 ##20151104114700.0
003 ##MY-KlINT
020 # # |a 9789814311342  
039 # 9 |y 201511041147  |z VLOAD 
090 0 0 |a 341.2473   |b KNO 
245 0 0 |a Know your Asean. 
250 # # |a Second Edition. 
260 # # |a Singapore:   |b ISEAS Publication,   |c 2010. 
300 # # |a vi, 52p:   |b il, clr;   |c 22cm. 
650 # 0 |a Regionalism --   |x Southeast Asia  
650 # 0 |a Regionalism (International organization)  
710 0 # |a Institute of Southeast Asian Studies  
999 |a 0000066527  |b BOOK  |c Main Non-Fiction  |e INTAN BK